Sreekrishnakarnamrutham/ (Record no. 139865)

000 -LEADER
fixed length control field 00422nam a22001457a 4500
082 ## - DEWEY DECIMAL CLASSIFICATION NUMBER
Classification number M1
Item number VIL/S
100 ## - MAIN ENTRY--PERSONAL NAME
Personal name Vilwamangalam Leelasukakavi
9 (RLIN) 92897
245 ## - TITLE STATEMENT
Title Sreekrishnakarnamrutham/
Statement of responsibility, etc. by Vilwamangalam Leelasukakavi
260 ## - PUBLICATION, DISTRIBUTION, ETC.
Place of publication, distribution, etc. Guruvayur:
Name of publisher, distributor, etc. Guruvayur Devaswom,
Date of publication, distribution, etc. 2015.
300 ## - PHYSICAL DESCRIPTION
Extent 257p.
650 ## - SUBJECT ADDED ENTRY--TOPICAL TERM
Topical term or geographic name entry element Poetry Malayalam
9 (RLIN) 92898
650 ## - SUBJECT ADDED ENTRY--TOPICAL TERM
Topical term or geographic name entry element Literaturev Malayalam
9 (RLIN) 92899
650 ## - SUBJECT ADDED ENTRY--TOPICAL TERM
Topical term or geographic name entry element Literature
9 (RLIN) 92900
942 ## - ADDED ENTRY ELEMENTS (KOHA)
Koha item type Book
Holdings
Withdrawn status Lost status Damaged status Not for loan Permanent Location Current Location Shelving location Date acquired Cost, normal purchase price Total Checkouts Full call number Barcode Date last seen Date last checked out Price effective from Koha item type
        Sree Sankaracharya University of Sanskrit Sree Sankaracharya University of Sanskrit Stacks 17.12.2018 80.00 2 M1 VIL/S 092664 21.12.2021 01.12.2021 17.12.2018 Book